Zdokonaľovanie implementovaného informačného systému výskumná správa

Enregistré dans:
Détails bibliographiques
Format: Livre
Langue:slovaque
Publié: Bratislava Výskumné výpočtové stredisko 1980
Collection:Výskumné práce č. 175
Tags: Ajouter un tag
Pas de tags, Soyez le premier à ajouter un tag!

MARC

LEADER 00000nam a2200000 4500
001 c141927
005 20041019155323.3
041 0 |a slo 
044 |a SK 
245 1 0 |a Zdokonaľovanie implementovaného informačného systému  |b výskumná správa 
264 1 |a Bratislava  |b Výskumné výpočtové stredisko  |c 1980 
300 |a 76 s. 
490 1 |a Výskumné práce  |v č. 175 
830 0 |a Výskumné práce  |v č. 175